000 00999nam a2200229 i 4500
001 187948
003 ES-MaACL
005 20250603182317.0
008 180328s1892 sp |||| | spa d
100 1 _aAzcárate, Gumersindo de,
_d1840-1917
_924243
245 1 0 _aConferencia pronunciada por el señor don Gumersindo Azcárate, el día 18 de diciembre de 1891.
246 3 _aTeoría y práctica de las represalias en materia arancelaria
260 _a[S.l. :
_bs.n.],
_c1892 (
_eMadrid :
_fTip. de Tomás Minuesa de los Ríos)
300 _a23 p. ;
_c23 cm.
530 _aDisponible en formato digital.
594 _aPrecede al tít.: Círculo de la Unión Mercantil e Industrial.
651 7 _aEspaña-
_xPolítica comercial-
_yS.XIX
_2
_9172067
710 2 _aCírculo de la Unión Mercantil e Industrial (Madrid)
_92827
852 _aES-MaACL
_jF-13197(1)
856 _uhttp://bdh-rd.bne.es/viewer.vm?id=0000243068&page=1
_zBiblioteca Digital Hispánica
999 _c187948
_d187948